ARRUPE JESUIT UNIVERSITY

CORONAVIRUS -STOP THE SPREAD - CLEAN,DISINFECT,COVER

The Chagga and Meru of Tanzania / (Record no. 122851)

MARC details
000 -LEADER
fixed length control field 01854cam a2200541 i 4500
001 - CONTROL NUMBER
control field 9042533
003 - CONTROL NUMBER IDENTIFIER
control field ARRUPE
005 - DATE AND TIME OF LATEST TRANSACTION
control field 20150518145936.0
008 - FIXED-LENGTH DATA ELEMENTS--GENERAL INFORMATION
fixed length control field 780802s1977 enkb b 001 0 eng
010 ## - LIBRARY OF CONGRESS CONTROL NUMBER
LC control number 78309993
015 ## - NATIONAL BIBLIOGRAPHY NUMBER
National bibliography number GB***
015 ## - NATIONAL BIBLIOGRAPHY NUMBER
National bibliography number B7811605
020 ## - INTERNATIONAL STANDARD BOOK NUMBER
International Standard Book Number 0853020515
020 ## - INTERNATIONAL STANDARD BOOK NUMBER
International Standard Book Number 9780853020516
029 1# - (OCLC)
OCLC library identifier NLGGC
System control number 780122135
029 1# - (OCLC)
OCLC library identifier NZ1
System control number 3582197
029 1# - (OCLC)
OCLC library identifier AU@
System control number 000001253068
029 1# - (OCLC)
OCLC library identifier ZWZ
System control number 01843519X
029 1# - (OCLC)
OCLC library identifier UNITY
System control number 001051954
029 1# - (OCLC)
OCLC library identifier UKLBR
System control number 0853020515
029 1# - (OCLC)
OCLC library identifier UKSLI
System control number 0853020515
029 1# - (OCLC)
OCLC library identifier HR0
System control number 0853020515
029 1# - (OCLC)
OCLC library identifier LWM
System control number 0853020515
029 1# - (OCLC)
OCLC library identifier HEBIS
System control number 27362878X
035 ## - SYSTEM CONTROL NUMBER
System control number (OCoLC)ocm03639100
035 ## - SYSTEM CONTROL NUMBER
System control number (OCoLC)3639100
Canceled/invalid control number (OCoLC)60028185
035 ## - SYSTEM CONTROL NUMBER
System control number (NNC)9042533
040 ## - CATALOGING SOURCE
Original cataloging agency DLC
Transcribing agency DLC
Modifying agency MUQ
-- OCLCG
-- LGG
-- UKV3G
043 ## - GEOGRAPHIC AREA CODE
Geographic area code f-tz---
050 #0 - LIBRARY OF CONGRESS CALL NUMBER
Classification number DT443.3C46
Item number .M6
082 00 - DEWEY DECIMAL CLASSIFICATION NUMBER
Classification number 301.29/678/26
Edition number 18
082 #4 - DEWEY DECIMAL CLASSIFICATION NUMBER
Classification number 967.8
300 ## - PHYSICAL DESCRIPTION
Other physical details maps ;
Dimensions 24 cm.
100 1# - MAIN ENTRY--PERSONAL NAME
Personal name Moore, Sally Falk,
Dates associated with a name 1924-
9 (RLIN) 17857
245 14 - TITLE STATEMENT
Title The Chagga and Meru of Tanzania /
Statement of responsibility, etc by Sally Falk Moore and Paul Puritt ; edited with an introd. by William M. O'Barr.
260 ## - PUBLICATION, DISTRIBUTION, ETC. (IMPRINT)
Place of publication, distribution, etc London :
Name of publisher, distributor, etc International African Institute,
Date of publication, distribution, etc c1977.
300 ## - PHYSICAL DESCRIPTION
Extent xii, 140 p. :
490 1# - SERIES STATEMENT
Series statement Ethnographic survey of Africa : East Central Africa ;
Volume number/sequential designation 18
504 ## - BIBLIOGRAPHY, ETC. NOTE
Bibliography, etc Includes bibliographies and index.
650 #0 - SUBJECT ADDED ENTRY--TOPICAL TERM
Topical term or geographic name as entry element Chaga (African people)
9 (RLIN) 17089
650 #0 - SUBJECT ADDED ENTRY--TOPICAL TERM
Topical term or geographic name as entry element Meru (African people)
9 (RLIN) 17858
650 #6 - SUBJECT ADDED ENTRY--TOPICAL TERM
Topical term or geographic name as entry element Chagas (Tribu bantoue)
9 (RLIN) 17859
650 #6 - SUBJECT ADDED ENTRY--TOPICAL TERM
Topical term or geographic name as entry element Mérou (Tribu africaine)
9 (RLIN) 17860
700 1# - ADDED ENTRY--PERSONAL NAME
Personal name Puritt, Paul,
Relator term author.
9 (RLIN) 17861
776 08 - ADDITIONAL PHYSICAL FORM ENTRY
Display text Online version:
Main entry heading Moore, Sally Falk, 1924-
Title Chagga and Meru of Tanzania.
Place, publisher, and date of publication London : International African Institute, c1977
Record control number (OCoLC)645247122
830 #0 - SERIES ADDED ENTRY--UNIFORM TITLE
Uniform title Ethnographic survey of Africa.
Name of part/section of a work East Central Africa ;
Volume number/sequential designation pt. 18.
9 (RLIN) 17862
942 ## - ADDED ENTRY ELEMENTS (KOHA)
Source of classification or shelving scheme Library of Congress Classification
Koha item type Monograph ( Printed materials)
Holdings
Withdrawn status Lost status Source of classification or shelving scheme Damaged status Not for loan Collection code Home library Current library Shelving location Date acquired Total Checkouts Full call number Barcode Date last seen Date checked out Price effective from Koha item type
    Library of Congress Classification     Main Collection ARRUPE LIBRARY ARRUPE LIBRARY Main Collection 18/05/2015 1 DT443.3C46M6 46500002301 07/12/2017 08/02/2017 18/05/2015 Monograph ( Printed materials)

 

Arrupe Library. PO Box MP320 Mt Pleasant, Harare, Zimbabwe
263 242 745411|librarian@aju.ac.zw